LEADER 00750nam0-22002651i-450- 001 990004027820403321 005 20060213154923.0 035 $a000402782 035 $aFED01000402782 035 $a(Aleph)000402782FED01 035 $a000402782 100 $a19990604d1983----km-y0itay50------ba 101 0 $afre 105 $ay---b---00-y- 200 1 $a<>LIVRE des expositions universelles$e1851-1989 210 $aParis$ceditions des arts decoratifs Herscher$d1983 215 $a352 p.$d30 cm 676 $a069.5$v21$zita 801 0$aIT$bUNINA$gRICA$2UNIMARC 901 $aBK 912 $a990004027820403321 952 $a069.5 LIV 1$bBC.60968$fFLFBC 959 $aFLFBC 996 $aLIVRE des expositions universelles$9470490 997 $aUNINA LEADER 01034nam a2200277 i 4500 001 991000030959707536 005 20020503112741.0 008 980324s1989 us ||| | eng 020 $a0415003393 035 $ab10014020-39ule_inst 035 $aocm00008768$9ExL 040 $aDip.to Beni Culturali$bita 082 0 $a938.9 100 1 $aPowell, Anton$0241882 245 10$aClassical Sparta :$btechniques behind her success /$cedited by Anton Powell ; with a foreword by Paul Cartledge 260 $aNorman :$bRoutledge,$c1989 300 $axiv, 196 p. ;$c23 cm. 500 $aPapers presented to the revived London Classical Society. 500 $aIncludes bibliographies and index 650 4$aSparta (Extinct city) 907 $a.b10014020$b21-09-06$c31-05-02 912 $a991000030959707536 945 $aLE001 SG VII 33$g1$i2001000188963$lle001$o-$pE0.00$q-$rl$s- $t0$u1$v0$w1$x0$y.i10017033$z31-05-02 996 $aClassical Sparta$9175610 997 $aUNISALENTO 998 $ale001$b01-01-98$cm$da $e-$feng$gus $h0$i1